Засуджений до розстрілу (Запис № 378212)

МАРК-запис
000 -Лідер
fixed length control field 00649nam a22002417a 4500
003 - Ідентифікатор контрольного номера
control field UA-OsUOA
001 - Контрольний номер
control field 91953
007 - Фіксоване поле фізичного опису
fixed length control field ta
008 - Елементи даних фіксованої довжини – загальна інформація
fixed length control field 20121207b un ||||| |||| 00| 0 ukr d
090 ## - Локальний шифр розміщення
Класифікаційний індекс УДК 821.161.2
Авторський знак (НП) Ш89
040 ## - Джерело каталогізації
Агенція оригінальної каталогізації UA-OsUOA
Мова каталогізації ukr
Агенція, яка здійснювала перезапис UA-OsUOA
Агенція, яка здійснювала модифікацію UA-OsUOA
041 ## - Код мови
Код мови тексту/ звукової доріжки чи окремого заголовка (П) ukr
080 ## - Індекс Універсальної десяткової класифікації
Індекс Універсальної десяткової класифікації (УДК) (НП) 821.161.2
020 ## - Міжнародний стандартний книжковий номер (ISBN)
Міжнародний стандартний книжковий номер (ISBN) (НП) 5-7707-0711-9
100 ## - Основне введення – ім’я особи
Ім’я особи (НП) Штендера Я.
245 ## - Відомості про назву
Назва (НП) Засуджений до розстрілу
260 ## - Публікація, розповсюдження і т.п. (Вихідні дані)
Місце публікації, розповсюдження і т.п. (П) Львів
Ім’я/ наймення видавництва, розповсюджувача і т.п. (П) Червона калина
Дата публікації, розповсюдження і т.п. (П) 1995
300 ## - Фізичний опис
Обсяг 256 с.
650 #7 - Додаткове предметне введення – тематичний термін
Тематичний термін чи географічна назва, як елемент введення (НП) 82 Література. Літературознавство
Джерело заголовка чи терміна UDC
942 ## - Додаткові елементи входу (Коха)
Тип елемента Koha Книги
955 ## - Код типу видання за змістом
Код типу видання за змістом (НП) Літературно-художні видання
Фонди
Стан вилучень Стан втрат Джерело класифікації або схеми стелажів Стан уражень Не для кредиту Постійне місце розташування Поточне розміщення Дата придбання Інвентарний номер Усього замовленно Повний номер виклику Штрих-код Дата останнього перегляду Ціна ефективна від Тип елемента Koha
    Universal Decimal Classification     АБ - Абонемент НБ АБ - Абонемент НБ 07/12/2012 24743   821.161.2 Ш89 24743 08/04/2022 07/12/2012 Книги
    Universal Decimal Classification     АБ - Абонемент НБ АБ - Абонемент НБ 07/12/2012 24744   821.161.2 Ш89 24744 08/04/2022 07/12/2012 Книги
    Universal Decimal Classification     АБ - Абонемент НБ АБ - Абонемент НБ 07/12/2012 24745   821.161.2 Ш89 24745 08/04/2022 07/12/2012 Книги
    Universal Decimal Classification     АБ - Абонемент НБ АБ - Абонемент НБ 07/12/2012 24746   821.161.2 Ш89 24746 08/04/2022 07/12/2012 Книги
    Universal Decimal Classification     АБ - Абонемент НБ АБ - Абонемент НБ 07/12/2012 24747   821.161.2 Ш89 24747 08/04/2022 07/12/2012 Книги